Nondestructive methods for material property determination
Saved in:
| Main Authors: | , |
|---|---|
| 格式: | 圖書 |
| 語言: | 英语 |
| 出版: |
Nueva York
Plenum Press
1984
|
| 主題: | |
| 標簽: |
添加標簽
沒有標簽, 成為第一個標記此記錄!
|
MARC
| LEADER | 00000nam a2200000 a 4500 | ||
|---|---|---|---|
| 001 | UCU4022 | ||
| 003 | CL-VaPUC | ||
| 005 | 20230111074201.0 | ||
| 008 | 960517e19840000us 1 eng d | ||
| 082 | 0 | 4 | |a 620.112 |b RUU |2 21 |
| 100 | 1 | |a Ruud, Clay Olaf |e author |9 617724 | |
| 700 | 1 | |a Green, Robert E |e author |9 617725 | |
| 245 | 1 | 0 | |a Nondestructive methods for material property determination |
| 260 | |a Nueva York |b Plenum Press |c 1984 | ||
| 300 | |a 410 p | ||
| 583 | |a last modification |c 19960517 00:00:00 |k Rodrigo Vera | ||
| 650 | 0 | 7 | |a ENSAYOS NO DESTRUCTIVOS |2 CL-VaPUC |9 617726 |
| 650 | 0 | 0 | |a Control de calidad |9 259714 |
| 650 | 0 | 0 | |a Propiedades mecánicas |9 262507 |
| 650 | 0 | 7 | |a ELECTRORRADIOLOGIA |2 CL-VaPUC |9 361270 |
| 650 | 0 | 0 | |a Electromagnetismo |9 260123 |
| 650 | 0 | 0 | |a Métodos de investigación |9 262618 |
| 650 | 0 | 0 | |a Muestreo |9 270457 |
| 942 | |c BK | ||
| 945 | |a cmena |d 19960517 00:00:00 | ||
| 546 | |a En Inglés | ||
| 518 | |p Symposium on Nondestructive Methods for Material Property Determination, Hershey, 6 al 8 de Abril de 1983 | ||
| 999 | |c 382607 |d 382605 | ||
| 952 | |0 0 |1 0 |4 0 |6 620_112000000000000_RUU_1984 |7 0 |8 A |9 504389 |a BIBING |b BIBING |d 2020-01-23 |i 1665081 |o 620.112 RUU 1984 |p 1665081 |r 2025-01-20 |w 2020-01-23 |y BK |k EIE | ||